| 000 | 01744njm0a22003971 4500 | ||
|---|---|---|---|
| 001 | RU\NLR\ONIZ\224069 | ||
| 005 | 20250708192855.0 | ||
| 035 | _a(NLR Aleph) 011806902 | ||
| 035 | _aRU\NLR\ONIZ\GALA\5000033373\20180914143941 | ||
| 071 | 0 | 0 | _aG.C.-2-23077 |
| 090 |
_a13283684 _c13283684 |
||
| 100 | _a20180914f19001999|||y0rusy50 ca | ||
| 102 | _aRU | ||
| 126 |
_aaduxdxu ux _bxxx |
||
| 127 | _a000008 | ||
| 135 | _ahonoannnanndn | ||
| 200 | 1 |
_aЛегенда с колокольчиками _bЗвукозапись _eиз оперы "Лакме" _fЛ. Делиб _gисполн.: А. Нежданова, акк. У. Мазетти |
|
| 210 |
_aRiga _cGramophone concert record _d[19--] |
||
| 215 | _a1 грп.(08 мин): 78 об/мин, моно; 25 см, в конв. | ||
| 606 | 1 |
_aОперные певцы начала 20 века _xЗвукозапись _yРоссия _z20 в. _2nlr_sh |
|
| 686 |
_aЩ943.1-071(4Фр) _vLBC/SL _2rubbk |
||
| 700 | 1 |
_9z01790 _aДелиб _bК. Ф. Л. _f1836-1891 _gКлеман Филибер Лео _4230 _7ca |
|
| 702 | 1 |
_9z04790 _aНежданова _bА. В. _cоперная певица _f1873-1950 _gАнтонина Васильевна _4570 _4vso _7ca |
|
| 702 | 1 |
_9z05790 _aМазетти _bУ. _f1869-1919 _gУмберто _4590 _7ca |
|
| 790 | 1 |
_9z01700 _aDelibes _bC. Ph. L. _f1836-1891 _gClément Philibert Léo _4230 _7ba |
|
| 790 | 1 |
_9z04702 _aNeždanova _bA. _f1873-1950 _gAntonina _4590 _4vso _7ba |
|
| 790 | 1 |
_9z05702 _aMasetti _bU. _f1869-1919 _gUmberto _4590 _7ba |
|
| 801 | 0 |
_aRU _bNLR _c20180914 _gPSBO |
|
| 801 | 1 |
_aRU _bNLR _c20180914 _2rusmarc |
|
| 801 | 2 |
_aRU _bNLR _c20180914 |
|
| 852 |
_aNLR _bМг _j2к/1544 _p6858 _t1 |
||
| 942 | _cREC | ||
| 980 | _aNB | ||
| 980 | _aONIZ | ||